1770 1491 1040 1031 1885 1239 1451 1935 1929 1506 1799 1333 1050 1102 1529 1529 1059 1983 1974 1305 1443 1250 1394 1240 1782 1959 1514 1629 1559 1433 1363 1387 1984 1521 1385 1815 1370 1721 1250 1087 1707 1613 1338 1786 1974 1987 1181 1758 1744 1122 1104 1957 1002 1238 1638 1285 1372 1565 1139 1608 1569 1449 1968 1916 1486 1841 1976 1063 1474 1230 1628 1456 1413 1711 1371 1665 1914 1691 1320 1593 1645 1396 1230 1597 1762 1815 1342 1390 1291 1307 1420 1602 1084 1213 1900 1211 1240 1163 1066 BCNSPRNW ULIB Ver.6.0+V

เปลี่ยนเป็นภาษาไทย

Change to English
 แสดงรายละเอียดบรรณานุกรม
  กลับหน้าหลัก

Brief Record : Get Marc (ISO 2709) : E-mail record : QR code < ปิดหน้าต่าง
LEADER : 00000nam 2200000uu 4500
001    13399125073
003     ULIB
008    160610s2558||||th 000 0 tha d
020    ^a9786169197614
060 04 ^aWS115^bร861ภ
100 0  ^aเรืองวิทย์ ตันติแพทยางกูร, บรรณาธิการ
245 10 ^aโภชนาการเด็กร่วมสมัย 2015 /^cเรืองวิทย์ ตันติแพทยางกูร, บรรณาธิการ
250    ^aพิมพ์ครั้งที่ 1
260    ^aกรุงเทพฯ :^bชมรมโภชนาการเด็กแห่งประเทศไทย,^c2558
300    ^a187 หน้า :^bภาพประกอบ ; ตาราง ;^c20.5 ซม.
505 0  ^a1. Optional ingredients in modern infant formulas
505 0  ^a2. Fine-tuning nutrition for NICU veterans
505 0  ^a3. โภชนาการในภาวะรั่วของน้ำเหลืองไขมันปน
505 0  ^a4. Nutrition for children with type 1 diabetes
505 0  ^a5. โภชนบำบัดสำหรับผู้ป่วยเด็กที่เป็นเบาหวานชนิดที่ 1
505 0  ^a6. อาหารกระตุ้นน้ำนม
505 0  ^a7. มุมมองด้านโภชนาการในเด็กติดเชื้อเอชไอวี
505 0  ^a8. การประเมินภาวะโภชนาการในผู้ป่วยใน
505 0  ^a9. การคัดกรองทางโภชนาการสำหรับผู้ป่วยเด็กในโรงพยาบาล
505 0  ^a10. Parenteral nutrition-associated liver disease
505 0  ^a11. ผลิตภัณฑ์เสริมอาหารที่ใช้ลดความอ้วน
650  7 ^aโภชนาการเด็ก
650  7 ^aกุมารเวชศาสตร์
700 0  ^aนฤมล เด่นทรัพย์สุนทร, บรรณาธิการ
700 0  ^aศิรินุช ชมโท, บรรณาธิการ
945    ^p200^l0^i001266
945    ^p200^l0^i001267
945    ^p200^l0^i001268
999    ^aเกษร โพธิ์สุวรรณ
รายการนี้ยังไม่มีแท็ก
คุณยังไม่ได้ล็อกอิน คุณสามารถมีกิจกรรมร่วมกับเว็บไซต์ได้ แต่ต้องล็อกอินก่อน ::
  ล็อกอิน

รายการสื่อสารสนเทศ

ลำดับที่ ประเภท เลขเรียก/บาร์โค้ด สถานที่ สถานะ
1. วิทยาศาสตร์การแพทย์ และสุขภาพ
หนังสือสำรอง
สถานะ=หนังสือสำรอง
WS115 ร861ภ ฉ.1 
  Barcode: 001266
ห้องสมุดวิทยาเขตสวรรค์ประชารักษ์
►หนังสือทั่วไป
บนชั้น
2. วิทยาศาสตร์การแพทย์ และสุขภาพ
วิทยาศาสตร์การแพทย์ และสุขภาพ
สถานะ=หนังสือเก่า
WS115 ร861ภ ฉ.2 
  Barcode: 001267
ห้องสมุดวิทยาเขตสวรรค์ประชารักษ์
►ส่วนจัดเก็บหนังสือเก่า สปร
บนชั้น
  ขอยืม
3. วิทยาศาสตร์การแพทย์ และสุขภาพ
วิทยาศาสตร์การแพทย์ และสุขภาพ
สถานะ=หนังสือเก่า
WS115 ร861ภ ฉ.3 
  Barcode: 001268
ห้องสมุดวิทยาเขตสวรรค์ประชารักษ์
►ส่วนจัดเก็บหนังสือเก่า สปร
บนชั้น
  ขอยืม

รายการใกล้เคียง
    ผู้แต่ง [เรืองวิทย์ ตันติแพทยางกูร, บรรณาธิการ]

    หัวเรื่อง [โภชนาการเด็ก]
    หัวเรื่อง [กุมารเวชศาสตร์]

BibComment


ยังไม่เคยถูกคอมเมนท์

คอมเมนท์ทรัพยากรรายการนี้
  คอมเมนท์: โภชนาการเด็กร่วม..


 Copyright 2026. Bcnsprnw @Library